Water from abandoned mines (Record no. 101302)

MARC details
000 -LEADER
fixed length control field 01038cam a2200253 4500
008 - FIXED-LENGTH DATA ELEMENTS--GENERAL INFORMATION
fixed length control field 000000n2001 000 0 eng u
020 ## - INTERNATIONAL STANDARD BOOK NUMBER
International Standard Book Number 1842190482
035 ## - SYSTEM CONTROL NUMBER
System control number (Sirsi) u111910
041 ## - LANGUAGE CODE
Language code of text/sound track or separate title eng
050 ## - LIBRARY OF CONGRESS CALL NUMBER
Classification number 614.772
-- 18
110 ## - MAIN ENTRY--CORPORATE NAME
Corporate name or jurisdiction name as entry element Royal Institution of Chartered Surveyors
9 (RLIN) 4900
245 ## - TITLE STATEMENT
Title Water from abandoned mines
Remainder of title RICS information paper
250 ## - EDITION STATEMENT
Edition statement 2nd ed.
260 ## - PUBLICATION, DISTRIBUTION, ETC.
Place of publication, distribution, etc. London
Name of publisher, distributor, etc. RICS
Date of publication, distribution, etc. 2001
300 ## - PHYSICAL DESCRIPTION
Extent 31p.
Dimensions 30cm.
490 ## - SERIES STATEMENT
Series statement RICS Information Paper
520 ## - SUMMARY, ETC.
Summary, etc. This revised information paper provides an up-to-date insight into the occurence and nature of mine water. It explores the possible effect of mine closures on mine-water regimes and considers the legal aspect of mine abandonment. The roles of several of the interested parties involved in this complex subject are also discussed.
520 ## - SUMMARY, ETC.
Summary, etc. AVAILABLE ON ISURV
520 ## - SUMMARY, ETC.
Summary, etc. Supersedes the first edition (ISBN 0854068295).
650 ## - SUBJECT ADDED ENTRY--TOPICAL TERM
Topical term or geographic name entry element ABANDONED MINES
650 ## - SUBJECT ADDED ENTRY--TOPICAL TERM
Topical term or geographic name entry element WATER POLLUTION
690 ## - LOCAL SUBJECT ADDED ENTRY--TOPICAL TERM (OCLC, RLIN)
Topical term or geographic name as entry element MINING AND MINERALS
942 ## - ADDED ENTRY ELEMENTS (KOHA)
Suppress in OPAC 0
Holdings
Withdrawn status Lost status Source of classification or shelving scheme Damaged status Not for loan Home library Current library Shelving location Date acquired Total Checkouts Full call number Barcode Date last seen Copy number Price effective from Koha item type Date last checked out
    Dewey Decimal Classification     London London RICS Boxes 24/04/2002   RICS 2001/59 30065426 06/08/2019 1 06/08/2019 Archive  
    Dewey Decimal Classification     London London RICS Boxes 24/04/2002   RICS 2001/59 30065422 06/08/2019 2 06/08/2019 Reference material  
    Dewey Decimal Classification     London London RICS Boxes 24/04/2002 1 RICS 2001/59 30065414 06/08/2019 4 06/08/2019 Book 08/07/2002